| 000 | 00469nam a22001937a 4500 | ||
|---|---|---|---|
| 003 | OSt | ||
| 005 | 20211001102425.0 | ||
| 008 | 211001b |||||||| |||| 00| 0 eng d | ||
| 020 | _a0306463784 | ||
| 040 | _cHAWASSA UNIVERSITY | ||
| 050 |
_a572.5151/TRA _b1 |
||
| 082 |
_a572.5151/TRA _b1 |
||
| 100 |
_aROUSSEL A.M. _98994 |
||
| 245 | _aTRACE ELEMENTS IN MAN AND ANIMALS | ||
| 260 |
_bLONDON _c2000 |
||
| 300 | _axii/1172 | ||
| 504 | _aindex | ||
| 942 |
_2ddc _cBOOKS _n0 |
||
| 999 |
_c8333 _d8333 |
||